Statystyki dla Czy jesteś mądrzejszy od 5-klasisty?

Kliknij tutaj aby rozwiązać quiz!

Ogólne statystyki

  • Ten quiz został rozwiązany 578 razy
  • Średni wynik to 5 z 20

Statystyki odpowiedzi

OpisOdpowiedź% Poprawnych
Program do rysowaniaPaint
91%
Mianownik znajduję się na (górze/dole) ułamka?Dole
61%
Flaga Polski ma barwyBiało-czerwone
56%
Opis powinnien mieć najpierw... później rozwinięcie a nakońcu zakończenieWstęp
50%
Stolica SerbiiBelgrad
49%
Część mowy,odpowiada na pytanie ile,który?Liczebnik
44%
Oddziela wnętrze komórkiBłona komórkowa
32%
Ostatni PiastKazimierz Wielki
25%
Centrum energetyczneMitochondrium
25%
Waluta węgierForint
19%
Znajduje się w nim DNAJądro komórkowe
19%
Nie ma tego komórka zwierzęcaŚciana komórkowa
18%
Dodawanie pod kreską tododawanie pisemne
12%
Kto walczył z Kartaginą w IIIw. i IIw?Włochy
9%
Wypełnia wnętrzeCytozol
8%
4/4 (ułamek) to..1 cała
7%
Mają wygląd drobnych ziarenekRybosomy
7%
Pas pobrzeży ma krajobraz...Nadmorski
4%
Ma to tylko komórka roślinnaChloropolast
3%
Usuwa niepotrzebne substancjeWakuola (wodniczka)
1%

Rozkład punktacji

Percentyl według liczby udzielonych odpowiedzi

Procent ludzi z każdym wynikiem

Twoja historia wyników

Nie rozwiązałeś tego quizu